Los cuervos en la historia /
Ensayo sobre el estatus simbólico que se le ha otorgado a los cuervos, tanto en la mitología como en la literatura y el arte.
Uloženo v:
| Hlavní autor: | |
|---|---|
| Médium: | Kniha |
| Jazyk: | španělština |
| Vydáno: |
México :
Sexto Piso,
2025, c2025
|
| Edice: | (Ensayo Sexto Piso)
|
| Témata: | |
| Tagy: |
Žádné tagy, Buďte první, kdo vytvoří štítek k tomuto záznamu!
|
MARC
| LEADER | 00000nam^a2200000^a^4500 | ||
|---|---|---|---|
| 001 | 000628654 | ||
| 005 | 20260219000000.0 | ||
| 009 | 20260310134117.454 | ||
| 020 | |a 978-84-10249-59-2 | ||
| 037 | |a Acervo ITESO - Biblioteca | ||
| 041 | |a ESP | ||
| 082 | |a 398. 368864 |b FON | ||
| 100 | |a Fondebridger, Jorge |e (autor) | ||
| 245 | 1 | 4 | |a Los cuervos en la historia / |c J. Fondebrider. |
| 264 | 4 | |a México : |b Sexto Piso, |c 2025, c2025 | |
| 300 | |a 473 p. | ||
| 336 | |a texto |b txt |2 rdacontenido | ||
| 337 | |a sin mediación |b n |2 rdamedio | ||
| 338 | |a volumen |b nc |2 rdasoporte | ||
| 440 | 1 | |a (Ensayo Sexto Piso) | |
| 520 | |a Ensayo sobre el estatus simbólico que se le ha otorgado a los cuervos, tanto en la mitología como en la literatura y el arte. | ||
| 521 | |a FIL 2025 DIA | ||
| 649 | |a XX | ||
| 650 | |a Cuervos en la Literatura - |x Historia y Crítica | ||
| 650 | |a Cuervos en el Arte - |x Historia y Crítica | ||
| 650 | |a Cuervos (En Religión, Folklore, etc.) - |x Tema Principal | ||
| 650 | |a Aves (En Religión, Folklore, etc.) | ||
| 650 | |a Animales ((En Religión, Folklore, etc.) | ||
| 650 | |a Bestiarios - |x Historia y Crítica | ||
| 650 | |a Literatura - |x Historia y Crítica | ||
| 650 | |a Folclore | ||
| 650 | |a Mitología | ||
| 910 | |a Fondo General | ||
| 920 | |a Impresos - Libros | ||
| 930 | |a Colección General | ||
| 905 | |a 101 | ||
| 901 | |a 628654-10 |b IT1 |c ACC |i C192537 |u 20260219 | ||
| 902 | |a https://opac.biblio.iteso.mx/vufind/Record/000628654 | ||